[Event "Marshall CC Winter"]
[Site "New York"]
[Date "1998.12.18"]
[Round "7"]
[White "Waitzkin, Joshua"]
[Black "Shamkovich, Leonid Alexandrovic"]
[Result "1-0"]
[WhiteElo "2480"]
[BlackElo "2380"]
[PlyCount "87"]
[EventDate "1998.12.??"]
[EventType "tourn"]
[EventRounds "9"]
[EventCountry "USA"]
[EventCategory "7"]
[SourceTitle "EXT 2000"]
[Source "ChessBase"]
[SourceDate "1999.11.16"]
[SourceVersion "1"]
[SourceVersionDate "1999.11.16"]
[SourceQuality "1"]

1. e4 e6 2. d4 d5 3. Nc3 dxe4 4. Nxe4 Nd7 5. g3 Ngf6 6. Nxf6+ Nxf6 7. Bg2 c5 8. Nf3 Qb6 9. 0-0 Bd7 10. dxc5 Bxc5 11. Ne5 Rd8 12. Qf3 Bc8 13. c3 Qc7 14. Re1 0-0 15. h4 Bd6 16. Nd3 Be7 17. Bf4 Qa5 18. c4 Rd4 19. Ne5 Nd7 20. Qe3 Bc5 21. Nd3 Rxc4 22. Nxc5 Qxc5 23. Qd3 Qd4 24. Qe2 Qc5 25. Bd6 Qxd6 26. Qxc4 Nb6 27. Qb3 Bd7 28. Bxb7 Rb8 29. Bg2 Nd5 30. Qa3 Qxa3 31. bxa3 Rb5 32. Rab1 a6 33. Bf1 Rxb1 34. Rxb1 Kf8 35. Bxa6 Ke7 36. Rb8 Kd6 37. Rg8 Nc7 38. Bc8 Ne8 39. Bxd7 Kxd7 40. a4 g6 41. a5 Nc7 42. Rg7 Ke7 43. Rxh7 Na6 44. g4 1-0

[Event "Marshall CC Winter"]
[Site "New York"]
[Date "1998.12.16"]
[Round "5"]
[White "Stripunsky, Alexander"]
[Black "Shamkovich, Leonid Alexandrovic"]
[Result "1-0"]
[WhiteElo "2520"]
[BlackElo "2380"]
[PlyCount "111"]
[EventDate "1998.12.??"]
[EventType "tourn"]
[EventRounds "9"]
[EventCountry "USA"]
[EventCategory "7"]
[SourceTitle "EXT 2000"]
[Source "ChessBase"]
[SourceDate "1999.11.16"]
[SourceVersion "1"]
[SourceVersionDate "1999.11.16"]
[SourceQuality "1"]

1. e4 g6 2. d4 Bg7 3. Nc3 d6 4. Nf3 Bg4 5. Be2 Nc6 6. d5 Bxf3 7. Bxf3 Nd4 8. Bg4 e5 9. Nb1 h5 10. Bh3 Qh4 11. 0-0 Qxe4 12. Re1 Qh4 13. c3 Nf5 14. Qb3 Qd8 15. Qb5+ Kf8 16. Qxb7 Nge7 17. Qb5 Bh6 18. Nd2 Kg7 19. Qd3 Rb8 20. b3 c6 21. dxc6 Qb6 22. Bb2 Qxc6 23. c4 f6 24. Ne4 Rhd8 25. Qf3 a5 26. g3 a4 27. Bg2 Qb6 28. Rab1 axb3 29. axb3 Kf7 30. Bc3 d5 31. cxd5 Nxd5 32. Ba1 Nde7 33. Nxf6 Kxf6 34. Rxe5 Kf7 35. Rbe1 Rd7 36. Bf1 Rc8 37. Bc4+ Rxc4 38. bxc4 Bg7 39. c5 Qc7 40. c6 Bxe5 41. cxd7 Bxa1 42. Qb3+ Kg7 43. Qd3 Bd4 44. Rxe7+ Kf6 45. Rh7 Qd6 46. Qe4 Bb6 47. Kg2 Qd4 48. Qc6+ Nd6 49. Qf3+ Nf5 50. h3 Ke6 51. Qc6+ Nd6 52. d8N+ Bxd8 53. Qd7+ Kd5 54. Qxd8 Qe4+ 55. Kh2 Qf5 56. Qa5+ 1-0

[Event "Marshall CC Winter"]
[Site "New York"]
[Date "1998.12.13"]
[Round "2"]
[White "Shamkovich, Leonid Alexandrovic"]
[Black "Paschall, William M"]
[Result "1/2-1/2"]
[WhiteElo "2380"]
[BlackElo "2365"]
[PlyCount "78"]
[EventDate "1998.12.??"]
[EventType "tourn"]
[EventRounds "9"]
[EventCountry "USA"]
[EventCategory "7"]
[SourceTitle "EXT 2000"]
[Source "ChessBase"]
[SourceDate "1999.11.16"]
[SourceVersion "1"]
[SourceVersionDate "1999.11.16"]
[SourceQuality "1"]

1. e4 c5 2. Ne2 Nc6 3. d4 cxd4 4. Nxd4 g6 5. c4 Bg7 6. Be3 Nf6 7. Nc3 0-0 8. Be2 d6 9. 0-0 Bd7 10. f4 Nxd4 11. Bxd4 Bc6 12. Bf3 e5 13. fxe5 dxe5 14. Bc5 Re8 15. Qxd8 Rexd8 16. Nd5 Bxd5 17. cxd5 Bf8 18. Be3 Nd7 19. Rac1 b6 20. Kf2 Bc5 21. Bxc5 Nxc5 22. Ke3 a5 23. a3 f5 24. g3 Ra7 25. Bg2 Rf8 26. Rc2 fxe4 27. Rxf8+ Kxf8 28. Rc3 Ke7 29. b4 axb4 30. axb4 Nd3 31. Kxe4 Nxb4 32. Kxe5 Ra2 33. d6+ Kd8 34. Be4 Rxh2 35. Rb3 Rh5+ 36. Kd4 Rb5 37. Kc4 Re5 38. Kd4 Rb5 39. Kc4 Re5 1/2-1/2

[Event "Marshall CC Winter"]
[Site "New York"]
[Date "1998.12.12"]
[Round "1"]
[White "Vulicevic, Nenad"]
[Black "Shamkovich, Leonid Alexandrovic"]
[Result "1-0"]
[WhiteElo "2370"]
[BlackElo "2380"]
[PlyCount "81"]
[EventDate "1998.12.??"]
[EventType "tourn"]
[EventRounds "9"]
[EventCountry "USA"]
[EventCategory "7"]
[SourceTitle "EXT 2000"]
[Source "ChessBase"]
[SourceDate "1999.11.16"]
[SourceVersion "1"]
[SourceVersionDate "1999.11.16"]
[SourceQuality "1"]

1. Nf3 c5 2. c4 Nc6 3. g3 g6 4. Nc3 Bg7 5. Bg2 e6 6. 0-0 Nge7 7. d3 0-0 8. Bd2 d5 9. Qc1 b6 10. Bh6 d4 11. Nb1 f6 12. a3 a5 13. b3 e5 14. Bxg7 Kxg7 15. Qb2 Bg4 16. h3 Be6 17. Nbd2 Qd7 18. Kh2 Rab8 19. Rfb1 h6 20. Qc1 g5 21. Ne1 h5 22. Ne4 Rh8 23. Nc2 h4 24. g4 Rhc8 25. Qd2 Ng6 26. b4 cxb4 27. axb4 axb4 28. Nxb4 Nxb4 29. Rxb4 Nf4 30. Bf3 Qc7 31. Rba4 Qe7 32. Qb4 Qxb4 33. Rxb4 Rc7 34. Ra6 b5 35. Rxb5 Rxb5 36. cxb5 Rc2 37. Ra7+ Kh6 38. Nxf6 Kg6 39. Nh5 Nxh5 40. gxh5+ Kf6 41. h6 1-0

[Event "US Masters op"]
[Site "Hawaii"]
[Date "1998.07.29"]
[Round "9"]
[White "Ballo, Emanuel"]
[Black "Shamkovich, Leonid Alexandrovic"]
[Result "1/2-1/2"]
[WhiteElo "2200"]
[BlackElo "2380"]
[PlyCount "80"]
[EventDate "1998.07.??"]
[EventType "swiss"]
[EventRounds "9"]
[EventCountry "USA"]
[SourceTitle "EXT 1999"]
[Source "ChessBase"]
[SourceDate "1998.11.16"]
[SourceVersion "1"]
[SourceVersionDate "1998.11.16"]
[SourceQuality "1"]

1. d4 d5 2. c4 c6 3. Nf3 Nf6 4. cxd5 cxd5 5. Nc3 a6 6. Ne5 e6 7. Bg5 Be7 8. e3 b5 9. a3 Bb7 10. Bd3 Nbd7 11. f4 Ne4 12. Bxe7 Qxe7 13. Bxe4 dxe4 14. Nxd7 Qxd7 15. 0-0 0-0 16. Rc1 Rfc8 17. Rf2 a5 18. Rfc2 f5 19. Ne2 Bd5 20. Rxc8+ Rxc8 21. Rc5 Bc4 22. Nc3 Rxc5 23. dxc5 Qxd1+ 24. Nxd1 b4 25. Kf2 Kf7 26. Ke1 Ke7 27. Nf2 Kd7 28. axb4 axb4 29. g4 Kc6 30. gxf5 exf5 31. Nh1 Kxc5 32. Ng3 g6 33. h4 Kd6 34. h5 Ke6 35. hxg6 hxg6 36. Nh1 Kf6 37. Nf2 g5 38. fxg5+ Kxg5 39. Nh3+ Kg4 40. Nf4 Kf3 1/2-1/2

[Event "US Masters op"]
[Site "Hawaii"]
[Date "1998.07.27"]
[Round "7"]
[White "Shamkovich, Leonid Alexandrovic"]
[Black "Paragua, Mark"]
[Result "1/2-1/2"]
[WhiteElo "2380"]
[BlackElo "2260"]
[PlyCount "106"]
[EventDate "1998.07.??"]
[EventType "swiss"]
[EventRounds "9"]
[EventCountry "USA"]
[SourceTitle "EXT 1999"]
[Source "ChessBase"]
[SourceDate "1998.11.16"]
[SourceVersion "1"]
[SourceVersionDate "1998.11.16"]
[SourceQuality "1"]

1. d4 Nf6 2. c4 g6 3. Nc3 Bg7 4. e4 d6 5. f3 0-0 6. Be3 c5 7. Nge2 Nc6 8. d5 Ne5 9. Ng3 e6 10. Be2 exd5 11. exd5 Re8 12. Qd2 Kh8 13. 0-0 Ng8 14. Bg5 f6 15. Bf4 f5 16. Bg5 Qb6 17. Qc2 Bd7 18. Bd2 Qd8 19. Nd1 a6 20. a4 b5 21. f4 Nxc4 22. Bxc4 bxc4 23. Qxc4 Nf6 24. Bc3 Qe7 25. Qd3 Kg8 26. h3 Ne4 27. Re1 Qh4 28. Nxe4 fxe4 29. Rxe4 Bf5 30. Rxe8+ Rxe8 31. Qd2 Bh6 32. Qf2 Qxf4 33. Qxf4 Bxf4 34. Nf2 Re2 35. Re1 Rxe1+ 36. Bxe1 Bc2 37. a5 Bb3 38. Ne4 Be5 39. Bc3 Bxc3 40. bxc3 Kg7 41. Nxd6 Bxd5 42. Nc8 Kf6 43. Nb6 Ke5 44. Na4 Kd6 45. Kf2 Bb3 46. Nb6 c4 47. Ke3 Kc5 48. h4 h6 49. g3 Kb5 50. Kd4 Ba2 51. Kd5 Bb3 52. Kd4 Ba2 53. Kd5 Bb3 1/2-1/2

[Event "US Masters op"]
[Site "Hawaii"]
[Date "1998.07.21"]
[Round "1"]
[White "Salman, Joel"]
[Black "Shamkovich, Leonid Alexandrovic"]
[Result "1-0"]
[WhiteElo "2250"]
[BlackElo "2380"]
[PlyCount "95"]
[EventDate "1998.07.??"]
[EventType "swiss"]
[EventRounds "9"]
[EventCountry "USA"]
[SourceTitle "EXT 1999"]
[Source "ChessBase"]
[SourceDate "1998.11.16"]
[SourceVersion "1"]
[SourceVersionDate "1998.11.16"]
[SourceQuality "1"]

1. d4 g6 2. c4 Bg7 3. Nc3 d6 4. Nf3 Nf6 5. e4 0-0 6. Be2 Nbd7 7. 0-0 e5 8. Re1 exd4 9. Nxd4 Nc5 10. Bf1 Re8 11. f3 c6 12. Be3 Qe7 13. Qd2 Bd7 14. Rad1 Rad8 15. b4 Ne6 16. Nc2 b6 17. Qxd6 Qxd6 18. Rxd6 Ng4 19. fxg4 Bxc3 20. Red1 Bc8 21. Rxd8 Rxd8 22. Rxd8+ Nxd8 23. Be2 Ne6 24. c5 b5 25. Kf2 f6 26. Bf3 Bd7 27. Ke2 Kf7 28. Kd3 Be5 29. g3 Ng5 30. Bxg5 fxg5 31. Nd4 Kf6 32. Bd1 h6 33. a3 Bc7 34. Bb3 a5 35. bxa5 Bxa5 36. a4 Bb4 37. axb5 cxb5 38. c6 Bxg4 39. Nxb5 Ke7 40. Kc4 Ba5 41. Kc5 h5 42. e5 h4 43. c7 hxg3 44. hxg3 Bc8 45. e6 Ba6 46. g4 Bb7 47. Nd6 Bb4+ 48. Kb6 1-0

[Event "US Masters op"]
[Site "Hawaii"]
[Date "1998.??.??"]
[Round "2"]
[White "Shamkovich, Leonid Alexandrovic"]
[Black "Chernin, Oliver"]
[Result "1-0"]
[WhiteElo "2385"]
[BlackElo "2240"]
[PlyCount "65"]
[EventDate "1998.07.??"]
[EventType "swiss"]
[EventRounds "9"]
[EventCountry "USA"]
[SourceTitle "EXT 1999"]
[Source "ChessBase"]
[SourceDate "1998.11.16"]
[SourceVersion "1"]
[SourceVersionDate "1998.11.16"]
[SourceQuality "1"]

1. e4 Nf6 2. e5 Nd5 3. d4 d6 4. Nf3 Bg4 5. Be2 c6 6. Ng5 Bf5 7. Bd3 Bxd3 8. Qxd3 dxe5 9. dxe5 h6 10. Ne4 e6 11. 0-0 Nd7 12. Qg3 Qb8 13. Nd6+ Bxd6 14. exd6 g6 15. Nd2 N5f6 16. b3 e5 17. Nc4 Ne4 18. Qd3 Nec5 19. Qe3 f6 20. f4 b5 21. fxe5 bxc4 22. e6 0-0 23. exd7 Nxd7 24. Qxh6 Ne5 25. Bf4 Qxd6 26. Qxg6+ Nxg6 27. Bxd6 Rf7 28. Rae1 cxb3 29. axb3 Rd8 30. Re6 Kg7 31. Bb4 Rd4 32. Bc3 Nf4 33. Re8 1-0

[Event "Bermuda-B"]
[Site "Bermuda"]
[Date "1995.??.??"]
[Round "6"]
[White "Donaldson, John W"]
[Black "Shamkovich, Leonid Alexandrovic"]
[Result "1/2-1/2"]
[WhiteElo "2420"]
[BlackElo "2390"]
[PlyCount "91"]
[EventDate "1995.01.??"]
[EventType "tourn"]
[EventRounds "9"]
[EventCountry "BER"]
[EventCategory "1"]
[SourceTitle "CBM 047 Extra"]
[Source "ChessBase"]
[SourceDate "1995.09.01"]
[SourceVersion "1"]
[SourceVersionDate "1995.09.01"]
[SourceQuality "1"]

1. Nf3 d6 2. d4 Nf6 3. c4 Nbd7 4. Nc3 c6 5. e4 e5 6. Be2 g6 7. 0-0 Bg7 8. Be3 0-0 9. d5 c5 10. Ne1 Ne8 11. Nd3 a6 12. a4 a5 13. Qd2 Nb6 14. b3 f5 15. exf5 Bxf5 16. f3 Nc8 17. Rae1 b6 18. Nf2 Ne7 19. g4 Bc8 20. Nfe4 Kh8 21. Bd3 Ra7 22. Kg2 Ng8 23. Rh1 h6 24. Ng3 Qf6 25. Ref1 g5 26. Bf5 Bxf5 27. Nxf5 Ne7 28. Nxe7 Rxe7 29. Ne4 Qg6 30. Qd3 Nf6 31. Qb1 Nxe4 32. fxe4 Rf4 33. Bxf4 exf4 34. e5 Qxb1 35. Rxb1 Bxe5 36. Rbe1 Kg7 37. Kf3 Kg6 38. h4 Re8 39. Re2 Rf8 40. Rhe1 Kf6 41. Rd1 Rd8 42. Rh1 Kg6 43. hxg5 hxg5 44. Rh5 Re8 45. Re1 Rf8 46. Re2 1/2-1/2

[Event "Bermuda-B"]
[Site "Bermuda"]
[Date "1995.??.??"]
[Round "2"]
[White "Shamkovich, Leonid Alexandrovic"]
[Black "Arnett, David A"]
[Result "1-0"]
[WhiteElo "2390"]
[BlackElo "2300"]
[PlyCount "119"]
[EventDate "1995.01.??"]
[EventType "tourn"]
[EventRounds "9"]
[EventCountry "BER"]
[EventCategory "1"]
[SourceTitle "CBM 047 Extra"]
[Source "ChessBase"]
[SourceDate "1995.09.01"]
[SourceVersion "1"]
[SourceVersionDate "1995.09.01"]
[SourceQuality "1"]

1. e4 c5 2. Nf3 Nc6 3. d4 cxd4 4. Nxd4 Nf6 5. Nc3 d6 6. Bg5 e6 7. Bb5 Bd7 8. 0-0 Be7 9. Re1 0-0 10. Bxc6 bxc6 11. e5 dxe5 12. Nf3 h6 13. Bh4 Nd5 14. Bxe7 Qxe7 15. Nxe5 Rfd8 16. Qf3 Qf6 17. Na4 Qxf3 18. Nxf3 Rab8 19. b3 Nb4 20. Re2 Be8 21. a3 Na6 22. Nb2 c5 23. Nc4 Bc6 24. Nfe5 Ba8 25. Nd3 Rd4 26. f3 Rbd8 27. Rae1 Bc6 28. Nde5 Bb5 29. a4 Be8 30. Na5 Rc8 31. Kf2 f6 32. c3 Rd5 33. Nec4 e5 34. Rd2 Rxd2+ 35. Nxd2 Rd8 36. Ndc4 Bf7 37. Ke2 Nc7 38. Ne3 Ne6 39. g3 Bh5 40. Nc6 Rd7 41. Rd1 Rxd1 42. Nxd1 e4 43. g4 exf3+ 44. Kxf3 Ng5+ 45. Kf4 Bf7 46. b4 cxb4 47. cxb4 a6 48. Nb8 Bc4 49. Nb2 Be2 50. Ke3 Bxg4 51. Nxa6 Bc8 52. Nc5 Nf7 53. Nc4 Nd8 54. b5 Bh3 55. a5 Bf1 56. Kd4 f5 57. a6 f4 58. a7 Bg2 59. Ne4 Ne6+ 60. Ke5 1-0

[Event "New York Murphy-ACF2"]
[Site "New York"]
[Date "1994.??.??"]
[Round "?"]
[White "De Firmian, Nick E"]
[Black "Shamkovich, Leonid Alexandrovic"]
[Result "1-0"]
[WhiteElo "2580"]
[BlackElo "2410"]
[PlyCount "91"]
[EventDate "1994.??.??"]
[EventType "tourn"]
[EventRounds "3"]
[EventCountry "USA"]
[SourceTitle "EXT 1997"]
[Source "ChessBase"]
[SourceDate "1996.11.15"]
[SourceVersion "1"]
[SourceVersionDate "1996.11.15"]
[SourceQuality "1"]

1. e4 c6 2. d4 d5 3. Nc3 dxe4 4. Nxe4 Bf5 5. Ng3 Bg6 6. h4 h6 7. Nf3 Nd7 8. h5 Bh7 9. Bd3 Bxd3 10. Qxd3 e6 11. Bf4 Qa5+ 12. Bd2 Qc7 13. 0-0-0 0-0-0 14. Ne4 Ngf6 15. g3 Nxe4 16. Qxe4 Bd6 17. c4 c5 18. d5 Nf6 19. Qc2 exd5 20. cxd5 Rd7 21. Bc3 Rhd8 22. Qf5 Kb8 23. Bxf6 gxf6 24. Qxf6 c4 25. Kb1 Rc8 26. Rc1 Qc5 27. Ne5 Bxe5 28. Qxe5+ Ka8 29. Rhd1 Rcd8 30. Qd4 Qxd4 31. Rxd4 b5 32. Rcd1 Kb7 33. Rf4 Re8 34. Rd2 Re5 35. g4 Rexd5 36. Rxd5 Rxd5 37. Rxf7+ Kb6 38. Rf6+ Kc5 39. Rxh6 Rd1+ 40. Kc2 Rg1 41. Rg6 Rg2 42. h6 Rxf2+ 43. Kc1 Kd4 44. Rg5 Kd3 45. Rd5+ Ke4 46. Rxb5 1-0

[Event "New York op"]
[Site "New York"]
[Date "1994.??.??"]
[Round "4"]
[White "Oll, Lembit"]
[Black "Shamkovich, Leonid Alexandrovic"]
[Result "1-0"]
[WhiteElo "2590"]
[BlackElo "2410"]
[PlyCount "59"]
[EventDate "1994.03.30"]
[EventType "swiss"]
[EventRounds "9"]
[EventCountry "USA"]
[SourceTitle "CBM 040 Extra"]
[Source "ChessBase"]
[SourceDate "1994.07.01"]
[SourceVersion "1"]
[SourceVersionDate "1994.07.01"]
[SourceQuality "1"]

1. e4 Nf6 2. e5 Nd5 3. d4 d6 4. Nf3 Bg4 5. Be2 e6 6. 0-0 Nc6 7. c4 Nde7 8. exd6 Qxd6 9. Nc3 Bxf3 10. Bxf3 Nxd4 11. Bxb7 Rd8 12. Bd5 Nef5 13. Be4 Be7 14. Qa4+ c6 15. Rd1 0-0 16. Bxf5 exf5 17. Be3 Bf6 18. Qxa7 Rfe8 19. h3 f4 20. c5 Qe5 21. Bxd4 Rxd4 22. Rxd4 Qxd4 23. Rd1 Qb4 24. Qd7 Kf8 25. Qxc6 Qxb2 26. Nd5 Be5 27. Nb6 g6 28. Re1 f3 29. Nd7+ Kg7 30. Rxe5 1-0

[Event "New York op"]
[Site "New York"]
[Date "1994.??.??"]
[Round "7"]
[White "Shamkovich, Leonid Alexandrovic"]
[Black "Gurevich, Dmitry"]
[Result "1/2-1/2"]
[WhiteElo "2410"]
[BlackElo "2545"]
[PlyCount "138"]
[EventDate "1994.03.30"]
[EventType "swiss"]
[EventRounds "9"]
[EventCountry "USA"]
[SourceTitle "CBM 040 Extra"]
[Source "ChessBase"]
[SourceDate "1994.07.01"]
[SourceVersion "1"]
[SourceVersionDate "1994.07.01"]
[SourceQuality "1"]

1. e4 c5 2. Nf3 d6 3. Nc3 Nf6 4. g3 g6 5. Bg2 Nc6 6. d4 cxd4 7. Nxd4 Bd7 8. Nde2 Bg7 9. 0-0 0-0 10. Nd5 Rc8 11. c3 Ne5 12. Nd4 e6 13. Nxf6+ Bxf6 14. f4 Nc4 15. b3 Na5 16. Qd3 a6 17. Be3 e5 18. fxe5 dxe5 19. Ne2 Bg4 20. Qxd8 Bxd8 21. Bf3 Be6 22. c4 b5 23. cxb5 axb5 24. Rac1 Be7 25. Rxc8 Rxc8 26. Rc1 Rd8 27. Bb6 Rd3 28. Rc3 Rd1+ 29. Kf2 Bb4 30. Rc2 Rd2 31. Rxd2 Bxd2 32. Be3 Bb4 33. Nc1 Bc3 34. Be2 Bd7 35. Nd3 Bc6 36. Nc5 Kf8 37. Bd3 Ke7 38. Ke2 Kd6 39. Kd1 h5 40. Kc2 Bd4 41. Bxd4 exd4 42. Na6 Nb7 43. Nb4 Bd7 44. Na6 Ke5 45. a3 g5 46. Kd2 h4 47. gxh4 gxh4 48. Ke2 Kf4 49. Kf2 Bc6 50. Nb4 Nc5 51. Ke2 Bd7 52. Bc2 Bg4+ 53. Kd2 Nxe4+ 54. Kd3 Ng5 55. a4 bxa4 56. bxa4 Nf3 57. a5 Bc8 58. a6 Bxa6+ 59. Nxa6 Nxh2 60. Ke2 Ng4 61. Nc5 h3 62. Be4 h2 63. Bh1 f5 64. Ne6+ Ke5 65. Ng5 Kd6 66. Nf3 Kc5 67. Ke1 Kc4 68. Nd2+ Kc3 69. Bg2 Nf6 1/2-1/2

[Event "New York Murphy-ACF2"]
[Site "New York"]
[Date "1994.??.??"]
[Round "?"]
[White "Shamkovich, Leonid Alexandrovic"]
[Black "Hebert, Jean"]
[Result "0-1"]
[WhiteElo "2410"]
[BlackElo "2395"]
[PlyCount "116"]
[EventDate "1994.??.??"]
[EventType "tourn"]
[EventRounds "3"]
[EventCountry "USA"]
[SourceTitle "EXT 1997"]
[Source "ChessBase"]
[SourceDate "1996.11.15"]
[SourceVersion "1"]
[SourceVersionDate "1996.11.15"]
[SourceQuality "1"]

1. e4 e6 2. d4 d5 3. Nc3 Bb4 4. e5 Ne7 5. Nf3 c5 6. a3 Bxc3+ 7. bxc3 Nbc6 8. Bd3 Qa5 9. Bd2 c4 10. Be2 h6 11. a4 Bd7 12. Qc1 Rf8 13. Qa3 f6 14. 0-0 Qc7 15. exf6 Rxf6 16. a5 0-0-0 17. Ne5 Nxe5 18. Qxe7 Nf7 19. Bh5 Qd6 20. Qxd6 Nxd6 21. f3 Be8 22. Bxe8 Rxe8 23. Rfe1 Kd7 24. Rab1 Kc6 25. Re3 Nf5 26. Re5 g5 27. Rbe1 Nd6 28. Rb1 Rb8 29. Be1 Rg8 30. Bg3 g4 31. Rbe1 Kd7 32. fxg4 Rxg4 33. Rb1 Kc6 34. Rf1 Rxf1+ 35. Kxf1 Rg6 36. Bf4 Kb5 37. Rh5 Nf7 38. Bb8 a6 39. Bc7 Ka4 40. g3 Rf6+ 41. Ke2 Ka3 42. Be5 Nxe5 43. dxe5 Rg6 44. Rh4 Ka4 45. Rf4 Rg5 46. Rf7 Rxe5+ 47. Kd2 Kxa5 48. Rxb7 h5 49. h4 Ka4 50. Rb4+ Ka3 51. Rb1 Rf5 52. Rb6 a5 53. Rxe6 a4 54. Rg6 Kb2 55. Rb6+ Ka2 56. Ke2 a3 57. Rb5 Ka1 58. Ra5 Kb2 0-1

[Event "New York Marshall"]
[Site "New York"]
[Date "1992.??.??"]
[Round "?"]
[White "Shamkovich, Leonid Alexandrovic"]
[Black "Waitzkin, Joshua"]
[Result "1/2-1/2"]
[WhiteElo "2400"]
[BlackElo "2290"]
[PlyCount "100"]
[EventDate "1992.??.??"]
[EventType "tourn"]
[EventRounds "9"]
[EventCountry "USA"]
[SourceTitle "EXT 1999"]
[Source "ChessBase"]
[SourceDate "1998.11.16"]
[SourceVersion "1"]
[SourceVersionDate "1998.11.16"]
[SourceQuality "1"]

1. e4 c5 2. Ne2 Nc6 3. d4 cxd4 4. Nxd4 Nf6 5. Nc3 d6 6. h3 g6 7. Be3 Bg7 8. g4 0-0 9. Bg2 Be6 10. 0-0 Na5 11. b3 Rc8 12. Nd5 Nc6 13. c4 a6 14. Qd2 Bxd5 15. exd5 Nxd4 16. Bxd4 Nd7 17. Bxg7 Kxg7 18. Qd4+ Kg8 19. Rfe1 Re8 20. Re3 a5 21. Rae1 Nc5 22. Qf4 Rc7 23. Qg3 Kg7 24. a3 Qd7 25. b4 axb4 26. axb4 Na6 27. c5 Rcc8 28. c6 bxc6 29. dxc6 Qd8 30. b5 Nc5 31. R3e2 e5 32. f4 Qb6 33. Qf2 Qxb5 34. fxe5 dxe5 35. Rxe5 Rxe5 36. Rxe5 Qb1+ 37. Re1 Qb4 38. Re7 Rf8 39. Bd5 Ne6 40. Rd7 Nf4 41. Kh2 Nxd5 42. Rxd5 Ra8 43. c7 Qc4 44. Qb2+ f6 45. Rd7+ Kh6 46. g5+ Kh5 47. Rxh7+ Kxg5 48. Qg2+ Kf5 49. Qxa8 Qf4+ 50. Kg1 Qc1+ 1/2-1/2

[Event "New York op"]
[Site "New York"]
[Date "1992.??.??"]
[Round "5"]
[White "Shamkovich, Leonid Alexandrovic"]
[Black "Yermolinsky, Alex"]
[Result "1/2-1/2"]
[WhiteElo "2400"]
[BlackElo "2595"]
[PlyCount "46"]
[EventDate "1992.04.??"]
[EventType "swiss"]
[EventRounds "9"]
[EventCountry "USA"]
[SourceTitle "TD"]
[Source "ChessBase"]
[SourceDate "1994.03.01"]
[SourceVersion "1"]
[SourceVersionDate "1994.03.01"]
[SourceQuality "1"]

1. e4 c5 2. Nf3 d6 3. Nc3 Nc6 4. d4 cxd4 5. Nxd4 Nf6 6. Be3 e5 7. Nf3 Be7 8. Bc4 Be6 9. Bb3 0-0 10. 0-0 Na5 11. Qd3 Qc8 12. Rad1 Rd8 13. Nd5 Nxd5 14. Bxd5 Nc4 15. Bc1 Nb6 16. Bb3 h6 17. Rfe1 Nc4 18. Nd2 b5 19. Nf1 Bg5 20. Bxg5 hxg5 21. Bxc4 Bxc4 22. Qd2 Bxf1 23. Rxf1 Qc4 1/2-1/2

[Event "USA Masters"]
[Site "Chicago"]
[Date "1990.??.??"]
[Round "6"]
[White "Ivanov, Igor Vasilievich"]
[Black "Shamkovich, Leonid Alexandrovic"]
[Result "0-1"]
[WhiteElo "2495"]
[BlackElo "2405"]
[PlyCount "102"]
[EventDate "1990.??.??"]
[EventType "swiss"]
[EventRounds "7"]
[EventCountry "USA"]
[SourceTitle "EXT 1997"]
[Source "ChessBase"]
[SourceDate "1996.11.15"]
[SourceVersion "1"]
[SourceVersionDate "1996.11.15"]
[SourceQuality "1"]

1. Nf3 d5 2. d4 Nf6 3. c4 dxc4 4. Nc3 a6 5. a4 Nc6 6. e4 Bg4 7. Be3 e6 8. Bxc4 Bb4 9. Qd3 Bxf3 10. gxf3 0-0 11. Rd1 Nh5 12. h4 Qf6 13. Bg5 Qg6 14. Kf1 h6 15. Bc1 Rad8 16. Ne2 Bc5 17. Be3 Bxd4 18. Rg1 Bxe3 19. Rxg6 Rxd3 20. Rxd3 Ne5 21. Rg1 Nxd3 22. Bxd3 Bb6 23. Kg2 Rd8 24. Rd1 Nf6 25. Bc2 Rxd1 26. Bxd1 a5 27. Bc2 h5 28. Nf4 g6 29. Nd3 Bd4 30. Bb3 Kf8 31. Kg3 Ke7 32. Kf4 Nd7 33. e5 Nc5 34. Nxc5 Bxc5 35. Kg3 Bd4 36. f4 Bxb2 37. Bc4 c6 38. Kf3 Bd4 39. Kg2 Ke8 40. Kf3 Kd7 41. Kg2 Bc3 42. Kf3 Bd2 43. Kg3 Bc3 44. Kf3 Kc7 45. f5 gxf5 46. Kf4 Kd7 47. Be2 Bd4 48. Bxh5 Bxf2 49. Bxf7 Bxh4 50. Bh5 b5 51. Bd1 Be1 0-1

[Event "GMA Baleares op"]
[Site "Palma de Mallorca"]
[Date "1989.??.??"]
[Round "6"]
[White "Ballester Sanz, Joaquin"]
[Black "Shamkovich, Leonid Alexandrovic"]
[Result "0-1"]
[WhiteElo "2250"]
[BlackElo "2425"]
[PlyCount "50"]
[EventDate "1989.12.??"]
[EventType "swiss"]
[EventRounds "9"]
[EventCountry "ESP"]
[SourceTitle "TD"]
[Source "ChessBase"]
[SourceDate "1994.03.01"]
[SourceVersion "1"]
[SourceVersionDate "1994.03.01"]
[SourceQuality "1"]

1. e4 g6 2. d4 Bg7 3. Nc3 d6 4. Be3 Nf6 5. f3 c6 6. Qd2 b5 7. 0-0-0 0-0 8. Bh6 b4 9. Nce2 Qa5 10. Kb1 Nbd7 11. Bxg7 Kxg7 12. c3 Rb8 13. cxb4 Qxb4 14. Qxb4 Rxb4 15. Nc3 c5 16. dxc5 Nxc5 17. Nge2 Bd7 18. Nc1 Rfb8 19. Rd2 Be6 20. Nd3 Nxd3 21. Bxd3 a5 22. Rc1 Nd7 23. Nd1 Nc5 24. Be2 Bxa2+ 25. Kxa2 Nb3 0-1

[Event "GMA Baleares op"]
[Site "Palma de Mallorca"]
[Date "1989.??.??"]
[Round "7"]
[White "Erenska Barlo, Hanna"]
[Black "Shamkovich, Leonid Alexandrovic"]
[Result "1/2-1/2"]
[WhiteElo "2265"]
[BlackElo "2425"]
[PlyCount "23"]
[EventDate "1989.12.??"]
[EventType "swiss"]
[EventRounds "9"]
[EventCountry "ESP"]
[SourceTitle "TD"]
[Source "ChessBase"]
[SourceDate "1994.03.01"]
[SourceVersion "1"]
[SourceVersionDate "1994.03.01"]
[SourceQuality "1"]

1. e4 d6 2. d4 g6 3. c3 Bg7 4. Bd3 Nc6 5. Nf3 Nf6 6. 0-0 0-0 7. h3 e5 8. dxe5 dxe5 9. Na3 Nh5 10. Bg5 Bf6 11. Bh6 Bg7 12. Bg5 1/2-1/2